El círculo interno
Saved in:
| Main Author: | |
|---|---|
| Format: | Book |
| Language: | Spanish |
| Published: |
Buenos Aires :
Catálogos,
1990
|
| Subjects: |
| LEADER | 00526nam#a2200193#a#4500 | ||
|---|---|---|---|
| 001 | 008598 | ||
| 005 | 20160721144806.0 | ||
| 008 | 020521s1990####ag##################spa#d | ||
| 020 | |a 9509314463 | ||
| 040 | |a AR-beUNQ | ||
| 099 | |a 35-E14 | ||
| 100 | 1 | |a Espejo, Miguel | |
| 245 | 0 | 3 | |a El círculo interno |c Miguel Espejo. |
| 260 | |a Buenos Aires : |b Catálogos, |c 1990 | ||
| 300 | |a 173 p | ||
| 650 | 7 | |a LITERATURA (ARTE) |2 Spines | |
| 929 | |a COMPRA |b Ernesto López |d 5,00E |e 20020520 |f patrimonio |j 32055 | ||
| 942 | |c LIB |n 0 | ||
| 999 | |c 11085 |d 86472 | ||